[Event "Nordsjaellands Weekend EMT 2024"]
[Site "Allerod"]
[Date "2024.01.05"]
[Round "1"]
[White "Hansen, Sune Berg"]
[Black "Hoi, Carsten"]
[Result "1/2-1/2"]
[WhiteElo "2511"]
[BlackElo "2395"]
[PlyCount "98"]
[EventDate "2024.01.05"]
[EventType "swiss"]
[EventRounds "5"]
[EventCountry "DEN"]
[SourceTitle "Live v. Allerod Skakklub"]

1. c4 g6 2. Nf3 Bg7 3. Nc3 d6 4. d4 Nf6 5. e4 O-O 
6. Be2 e5 7. O-O Nc6 8. d5 Ne7 9. b4 h6 10. a4 Nh7 
11. a5 f5 12. Ra3 Nf6 13. exf5 gxf5 14. Nh4 Bd7 15. f4 e4 
16. Kh1 Kh7 17. a6 b6 18. b5 Rg8 19. Qe1 Qf8 20. Nd1 Qf7 
21. Bb2 Rae8 22. Qd2 Ng6 23. Nxg6 Qxg6 24. Rg3 Qf7 25. Ne3 Bh8 
26. Rh3 Ng4 27. Bxh8 Rxh8 28. Bxg4 fxg4 29. Rh4 h5 30. f5 Kg8 
31. h3 Qf6 32. Qf2 Kf7 33. Kg1 Reg8 34. Qg3 Qd4 35. Rf4 Qa1+ 
36. Kh2 Qf6 37. Rxe4 gxh3 38. Qxh3 Qg5 39. Kg1 Re8 40. Rxe8 Rxe8 
41. Nf1 Rh8 42. Ng3 Qe3+ 43. Kh2 Qg5 44. Kg1 Qe3+ 45. Kh1 Qc1+ 
46. Kh2 Qg5 47. Ne4 Qxf5 48. Qg3 Rg8 49. Qe3 Rg4 1/2-1/2

[Event "Nordsjaellands Weekend EMT 2024"]
[Site "Allerod"]
[Date "2024.01.05"]
[Round "1"]
[White "Brondt, Nicolai Kvist"]
[Black "Hector, Jonny"]
[Result "0-1"]
[WhiteElo "2236"]
[BlackElo "2446"]
[PlyCount "134"]
[EventDate "2024.01.05"]
[EventType "swiss"]
[EventRounds "5"]
[EventCountry "DEN"]
[SourceTitle "Live v. Allerod Skakklub"]

1. c4 e5 2. Nc3 Bb4 3. Qb3 a5 4. a3 Be7 5. Nf3 d6 
6. d4 exd4 7. Nxd4 Nf6 8. g3 Na6 9. Qc2 d5 10. cxd5 Nxd5 
11. Bg2 Nxc3 12. bxc3 O-O 13. O-O Nc5 14. Be3 g6 15. Rfd1 Bd7 
16. Nb3 Nxb3 17. Qxb3 a4 18. Qxb7 Rb8 19. Qa6 Bd6 20. c4 Qe7 
21. c5 Be5 22. Rab1 Rb3 23. Bd5 Rxa3 24. Bc1 Rc3 25. Bd2 Rc2 
26. c6 Bf5 27. Bb4 Bd6 28. Bxd6 cxd6 29. Qxa4 Rxe2 30. Rbc1 Re8 
31. Bf3 Re5 32. Qd4 Bh3 33. Qd2 Qf6 34. Bg2 Re2 35. Qf4 Qxf4 
36. gxf4 Bxg2 37. Kxg2 R2e6 38. c7 Rc8 39. f5 Rf6 40. fxg6 Rxg6+ 
41. Kf3 Kf8 42. Rd4 Ke7 43. Rh4 Rf6+ 44. Kg3 h6 45. Rhc4 Kd7 
46. f4 Rf5 47. Kg4 Rb5 48. R1c3 h5+ 49. Kh4 Ke6 50. Re3+ Kd5 
51. Rec3 Rc5 52. Rxc5+ dxc5 53. Kxh5 Rxc7 54. h4 c4 55. Kg5 Ke4 
56. h5 Rc5+ 57. Kg4 Kd4 58. Rc1 c3 59. h6 Kd3 60. h7 Rc8 
61. Kg5 Kd2 62. Rh1 c2 63. f5 Ke3 64. f6 Ke4 65. Kg4 c1=Q 
66. h8=Q Qf4 67. Kh5 Rxh8+ 0-1

[Event "Nordsjaellands Weekend EMT 2024"]
[Site "Allerod"]
[Date "2024.01.05"]
[Round "1"]
[White "Haubro, Martin"]
[Black "Skonnord, Uno"]
[Result "1-0"]
[WhiteElo "2418"]
[BlackElo "2153"]
[PlyCount "87"]
[EventDate "2024.01.05"]
[EventType "swiss"]
[EventRounds "5"]
[EventCountry "DEN"]
[SourceTitle "Live v. Allerod Skakklub"]

1. e4 c6 2. d4 d5 3. e5 c5 4. dxc5 e6 5. Nf3 Bxc5 
6. a3 Ne7 7. b4 Bb6 8. Bb2 a5 9. Nbd2 axb4 10. axb4 Rxa1 
11. Qxa1 Nbc6 12. b5 Nb8 13. Bd3 Nd7 14. Nb3 O-O 15. O-O Qc7 
16. Qa4 Ng6 17. Re1 f6 18. exf6 Nxf6 19. c4 Ng4 20. c5 Rxf3 
21. Qxg4 Rxd3 22. cxb6 Qxb6 23. Qb4 e5 24. Nc5 Bf5 25. Nxd3 Bxd3 
26. Bxe5 Nxe5 27. Rxe5 Qxb5 28. Qxb5 Bxb5 29. Rxd5 Bc6 30. Rd4 Kf7 
31. f4 Ke6 32. Kf2 Bd5 33. g4 Kd6 34. Ra4 g6 35. Ke3 Kc5 
36. g5 Kd6 37. Kd4 Ke6 38. Ra8 Bf3 39. Rf8 b5 40. Kc5 Ke7 
41. Rh8 Be2 42. Rxh7+ Ke6 43. h3 Kf5 44. Rf7 1-0

[Event "Nordsjaellands Weekend EMT 2024"]
[Site "Allerod"]
[Date "2024.01.05"]
[Round "1"]
[White "Thorsbro, Peter"]
[Black "Ramsdal, Jens Albert"]
[Result "0-1"]
[WhiteElo "2177"]
[BlackElo "2416"]
[PlyCount "98"]
[EventDate "2024.01.05"]
[EventType "swiss"]
[EventRounds "5"]
[EventCountry "DEN"]
[SourceTitle "Live v. Allerod Skakklub"]

1. d4 e6 2. g3 Nf6 3. Bg2 d5 4. Nf3 Be7 5. O-O O-O 
6. c4 dxc4 7. Qc2 a6 8. a4 Bd7 9. Qxc4 Bc6 10. Bg5 Bd5 
11. Qc2 Be4 12. Qc1 h6 13. Bxf6 Bxf6 14. Nc3 Bh7 15. Rd1 c6 
16. e4 Qa5 17. Qe3 Re8 18. b4 Qxb4 19. Rab1 Qe7 20. Nd2 Qc7 
21. a5 c5 22. dxc5 Nc6 23. Nc4 Nxa5 24. Nd6 Red8 25. Na4 Rab8 
26. Nb6 Nc6 27. Rbc1 Bb2 28. Rc2 Be5 29. Rcd2 Bf6 30. f4 Be7 
31. h4 Bf8 32. Kh2 e5 33. Rd5 f6 34. Bh3 Kh8 35. Be6 Bg8 
36. Bxg8 Kxg8 37. Nf5 Qf7 38. Rd7 Rxd7 39. Rxd7 Qa2+ 40. Rd2 Qe6 
41. Rd7 exf4 42. Qxf4 Ne5 43. Rd5 Re8 44. Nd6 Bxd6 45. cxd6 Rd8 
46. Qc1 Nf3+ 47. Kg2 Qxe4 48. Qc7 Qe2+ 49. Kh3 Ng1# 0-1

[Event "Nordsjaellands Weekend EMT 2024"]
[Site "Allerod"]
[Date "2024.01.05"]
[Round "1"]
[White "Borge, Nikolaj"]
[Black "Gregor, Bjarke"]
[Result "1-0"]
[WhiteElo "2388"]
[BlackElo "2159"]
[PlyCount "65"]
[EventDate "2024.01.05"]
[EventType "swiss"]
[EventRounds "5"]
[EventCountry "DEN"]
[SourceTitle "Live v. Allerod Skakklub"]

1. e4 c6 2. d4 d5 3. e5 Bf5 4. Nf3 e6 5. Be2 Nd7 
6. O-O Ne7 7. Nbd2 h6 8. Nb3 g5 9. Bd2 Bg7 10. a4 a5 
11. Ne1 Qc7 12. f4 gxf4 13. Bxf4 c5 14. c3 O-O 15. Qc1 Kh7 
16. Qe3 b6 17. g4 Bg6 18. Rf3 Rh8 19. Rh3 Kg8 20. Bxh6 Bxh6 
21. Rxh6 Kg7 22. Rxh8 Rxh8 23. Nf3 Nc6 24. h4 cxd4 25. cxd4 Nb4 
26. Rc1 Nc2 27. Qd2 f6 28. Na1 fxe5 29. Nxc2 e4 30. Ne5 Nxe5 
31. dxe5 Rxh4 32. Qg5 Rh3 33. Nd4 1-0

[Event "Nordsjaellands Weekend EMT 2024"]
[Site "Allerod"]
[Date "2024.01.05"]
[Round "1"]
[White "Hoiberg, Nina"]
[Black "Strange, Mikkel"]
[Result "1/2-1/2"]
[WhiteElo "2140"]
[BlackElo "2327"]
[PlyCount "81"]
[EventDate "2024.01.05"]
[EventType "swiss"]
[EventRounds "5"]
[EventCountry "DEN"]
[SourceTitle "Live v. Allerod Skakklub"]

1. e4 e5 2. Nf3 Nc6 3. Bc4 Nf6 4. d3 Be7 5. c3 O-O 
6. O-O d5 7. exd5 Nxd5 8. h3 a6 9. Bb3 Bf5 10. Re1 Bf6 
11. Nbd2 Bxd3 12. Ne4 Bxe4 13. Rxe4 Nb6 14. Qe2 Qe7 15. Be3 Nc8 
16. Bd5 Nd6 17. Bc5 Qd7 18. Rd1 Rfe8 19. Bb3 Rad8 20. Rg4 g6 
21. Ng5 Bxg5 22. Rxg5 Kg7 23. h4 Qe7 24. Bd5 h6 25. Rg4 f5 
26. Rg3 Qf6 27. Bxc6 bxc6 28. Bxd6 Rxd6 29. Rxd6 cxd6 30. Qxa6 d5 
31. h5 g5 32. b4 e4 33. Re3 f4 34. Re2 Qxc3 35. Qb7+ Kf8 
36. Qh7 Qa1+ 37. Kh2 Qf6 38. Qd7 Re5 39. Rc2 Qf7 40. Qd6+ Kg8 
41. Qxe5 1/2-1/2

[Event "Nordsjaellands Weekend EMT 2024"]
[Site "Allerod"]
[Date "2024.01.05"]
[Round "1"]
[White "Vinter Schou, Uffe"]
[Black "Petersen, Peter Birk"]
[Result "1-0"]
[WhiteElo "2348"]
[BlackElo "2152"]
[PlyCount "127"]
[EventDate "2024.01.05"]
[EventType "swiss"]
[EventRounds "5"]
[EventCountry "DEN"]
[SourceTitle "Live v. Allerod Skakklub"]

1. Nf3 Nf6 2. g3 g6 3. Bg2 Bg7 4. c4 c6 5. O-O d5 
6. d4 O-O 7. Qa4 Nbd7 8. cxd5 cxd5 9. Nc3 Nb6 10. Qb3 Ne4 
11. Bf4 Nxc3 12. Qxc3 Bf5 13. Rfc1 Rc8 14. Qa5 Qd7 15. b3 Rxc1+ 
16. Rxc1 Rc8 17. Qxa7 Rxc1+ 18. Bxc1 Nc8 19. Qc5 b6 20. Qc3 Nd6 
21. Ne5 Nb5 22. Qb4 Qc8 23. Bf4 Nc3 24. Bf3 f6 25. Nd3 g5 
26. Bd2 Ne4 27. Be1 g4 28. Bg2 e6 29. Qxb6 Qc2 30. Qd8+ Kf7 
31. Qd7+ Kg6 32. f3 Ng5 33. Nf4+ Kh6 34. Qe8 Bg6 35. Qb5 Qd1 
36. Qb4 gxf3 37. exf3 Nxf3+ 38. Bxf3 Qxf3 39. Qd2 Be4 40. Ng2+ Kh5 
41. Qe2 Qxe2 42. Nf4+ Kg4 43. Nxe2 Kf3 44. Nc3 Ke3 45. Bf2+ Kd3 
46. Na4 e5 47. Nc5+ Kc3 48. dxe5 fxe5 49. Nxe4+ dxe4 50. Be3 Bf8 
51. a4 Bb4 52. Bb6 e3 53. Bxe3 Kxb3 54. Kg2 Kxa4 55. Kf3 Kb5 
56. Ke4 Bc3 57. Kd5 Bb2 58. g4 Kb4 59. h4 Kb5 60. g5 e4 
61. h5 Bc3 62. g6 hxg6 63. h6 Bh8 64. Bd4 1-0

[Event "Nordsjaellands Weekend EMT 2024"]
[Site "Allerod"]
[Date "2024.01.05"]
[Round "1"]
[White "Lauritsen, Martin Lee"]
[Black "Kristensen, Kaare Hove"]
[Result "0-1"]
[WhiteElo "2127"]
[BlackElo "2303"]
[PlyCount "106"]
[EventDate "2024.01.05"]
[EventType "swiss"]
[EventRounds "5"]
[EventCountry "DEN"]
[SourceTitle "Live v. Allerod Skakklub"]

1. e4 c5 2. Nf3 d6 3. Bb5+ Bd7 4. Bxd7+ Qxd7 5. O-O Nc6 
6. c3 Nf6 7. Re1 e6 8. d4 d5 9. exd5 Qxd5 10. Qa4 cxd4 
11. Nxd4 Rc8 12. Be3 a6 13. Nd2 Be7 14. N2f3 O-O 15. Nxc6 Qxc6 
16. Qxc6 Rxc6 17. Ne5 Rcc8 18. Rad1 Nd5 19. Bc1 b5 20. Kf1 Rfd8 
21. g3 h5 22. Nd3 Bd6 23. Re4 g6 24. Ke1 Kf8 25. Bf4 Nxf4 
26. Nxf4 Bxf4 27. Rxf4 Ke7 28. a4 Rxd1+ 29. Kxd1 g5 30. Rb4 Rc4 
31. Rxc4 bxc4 32. h4 gxh4 33. gxh4 e5 34. Kc2 Kd6 35. b3 cxb3+ 
36. Kxb3 Kc5 37. c4 a5 38. Kc3 f5 39. f3 e4 40. f4 e3 
41. Kd3 e2 42. Kxe2 Kxc4 43. Ke3 Kc3 44. Ke2 Kd4 45. Kd2 Ke4 
46. Kc3 Kxf4 47. Kc4 Kg3 48. Kb5 f4 49. Kxa5 f3 50. Kb6 f2 
51. a5 f1=Q 52. a6 Qf7 53. a7 Qf3 0-1

[Event "Nordsjaellands Weekend EMT 2024"]
[Site "Allerod"]
[Date "2024.01.06"]
[Round "2"]
[White "Hector, Jonny"]
[Black "Borge, Nikolaj"]
[Result "1/2-1/2"]
[WhiteElo "2446"]
[BlackElo "2388"]
[PlyCount "82"]
[EventDate "2024.01.05"]
[EventType "swiss"]
[EventRounds "5"]
[EventCountry "DEN"]
[SourceTitle "Live v. Allerod Skakklub"]

1. e4 e5 2. Nf3 Nc6 3. d4 exd4 4. Nxd4 Qf6 5. Nf3 Bb4+ 
6. Nbd2 d6 7. Be2 Nge7 8. O-O Bc5 9. e5 Nxe5 10. Ne4 Qf5 
11. Nxc5 dxc5 12. Nxe5 Qxe5 13. Re1 O-O 14. Bf3 Qf6 15. Be3 Be6 
16. Bxb7 Rab8 17. Be4 Qxb2 18. Bxc5 Rfd8 19. Qf3 Nc8 20. c3 Nd6 
21. Bxa7 Nxe4 22. Qxe4 Ra8 23. Bd4 c5 24. Bxc5 Qxc3 25. Bb6 Bd5 
26. Qg4 Re8 27. Rec1 Qf6 28. Bd4 h5 29. Qd1 Qg6 30. f3 Rxa2 
31. Rxa2 Bxa2 32. Bf2 Rb8 33. h4 Rb1 34. Qd8+ Kh7 35. Rxb1 Qxb1+ 
36. Kh2 Qf5 37. Qd4 f6 38. Bg3 Qd5 39. Qb6 Bc4 40. Bd6 Bd3 
41. Qc7 Bg6 1/2-1/2

[Event "Nordsjaellands Weekend EMT 2024"]
[Site "Allerod"]
[Date "2024.01.06"]
[Round "2"]
[White "Kristensen, Kaare Hove"]
[Black "Haubro, Martin"]
[Result "1/2-1/2"]
[WhiteElo "2303"]
[BlackElo "2418"]
[PlyCount "97"]
[EventDate "2024.01.05"]
[EventType "swiss"]
[EventRounds "5"]
[EventCountry "DEN"]
[SourceTitle "Live v. Allerod Skakklub"]

1. d4 Nf6 2. Nf3 d5 3. c4 e6 4. Bg5 Nbd7 5. Nc3 h6 
6. Bxf6 Nxf6 7. e3 Be7 8. Qc2 O-O 9. O-O-O a6 10. Kb1 dxc4 
11. Bxc4 b5 12. Bd3 c5 13. dxc5 Qa5 14. Nd4 Bxc5 15. Nb3 Qb6 
16. Nxc5 Qxc5 17. Ne4 Qxc2+ 18. Bxc2 Bb7 19. Nxf6+ gxf6 20. Rd7 Bc6 
21. Rd6 Rfc8 22. Rxc6 Rxc6 23. Be4 Rac8 24. Bxc6 Rxc6 25. Rc1 Rxc1+ 
26. Kxc1 Kf8 27. Kd2 Ke7 28. Kc3 Kd6 29. Kb4 Kc6 30. Ka5 Kb7 
31. g4 f5 32. gxf5 exf5 33. h4 f6 34. h5 Ka7 35. f3 Kb7 
36. f4 Ka7 37. Kb4 Kb6 38. Kc3 Kc5 39. b4+ Kd5 40. Kd3 Ke6 
41. e4 Kd6 42. Ke3 fxe4 43. Kxe4 Ke6 44. Ke3 Kd5 45. Kd3 f5 
46. a3 Ke6 47. Kd4 Kd6 48. Ke3 Ke6 49. Kd4 1/2-1/2

[Event "Nordsjaellands Weekend EMT 2024"]
[Site "Allerod"]
[Date "2024.01.06"]
[Round "2"]
[White "Ramsdal, Jens Albert"]
[Black "Vinter Schou, Uffe"]
[Result "0-1"]
[WhiteElo "2416"]
[BlackElo "2348"]
[PlyCount "140"]
[EventDate "2024.01.05"]
[EventType "swiss"]
[EventRounds "5"]
[EventCountry "DEN"]
[SourceTitle "Live v. Allerod Skakklub"]

1. d4 Nf6 2. c4 e6 3. Nf3 c5 4. d5 exd5 5. cxd5 d6 
6. Nc3 g6 7. Nd2 Nbd7 8. e4 Bg7 9. Be2 O-O 10. O-O Ne8 
11. Nc4 Ne5 12. Ne3 f5 13. exf5 gxf5 14. f4 Nf7 15. Qc2 Qf6 
16. Bd3 Nh6 17. Bd2 Bd7 18. Rf3 Rc8 19. Raf1 c4 20. Be2 Qd4 
21. Ncd1 Nf6 22. Bc3 Qc5 23. Rg3 Nhg4 24. Bxg4 fxg4 25. Bxf6 Rxf6 
26. Kh1 h5 27. h3 Qd4 28. f5 gxh3 29. Rxh3 Re8 30. Qf2 Rh6 
31. Qg3 Re4 32. Nc3 Re8 33. Qg5 Qf6 34. Qf4 Re5 35. Ne4 Rxe4 
36. Qxe4 b5 37. Rg3 Kh7 38. Rgf3 Kh8 39. R1f2 a6 40. g3 Kg8 
41. Ng2 Qe5 42. Qxe5 Bxe5 43. Nh4 Bc8 44. Re2 Bb7 45. Rd2 b4 
46. Kh2 c3 47. bxc3 bxc3 48. Rd1 Rh7 49. Ng6 Bf6 50. Nf4 Rc7 
51. Rc1 Rc4 52. Rc2 h4 53. Kh3 hxg3 54. Rxg3+ Kf7 55. Rg4 Rb4 
56. Ne2 Rb2 57. Rxc3 Rxe2 58. Rc7+ Re7 59. Rxe7+ Kxe7 60. Ra4 Be5 
61. Kg4 Kf6 62. Ra5 Bd4 63. Kf4 Bc5 64. Ke4 Bc8 65. Kd3 Bb4 
66. Ra4 a5 67. a3 Bxf5+ 68. Kd4 Bd7 69. axb4 Bxa4 70. bxa5 Bb5 
0-1

[Event "Nordsjaellands Weekend EMT 2024"]
[Site "Allerod"]
[Date "2024.01.06"]
[Round "2"]
[White "Strange, Mikkel"]
[Black "Hansen, Sune Berg"]
[Result "0-1"]
[WhiteElo "2327"]
[BlackElo "2511"]
[PlyCount "120"]
[EventDate "2024.01.05"]
[EventType "swiss"]
[EventRounds "5"]
[EventCountry "DEN"]
[SourceTitle "Live v. Allerod Skakklub"]

1. Nc3 d5 2. e4 dxe4 3. Nxe4 Nf6 4. Nxf6+ exf6 5. Bc4 Bd6 
6. Qe2+ Be7 7. Nf3 O-O 8. O-O Re8 9. Re1 Nc6 10. c3 Bd7 
11. d4 Bd6 12. Qd3 Rxe1+ 13. Nxe1 Ne7 14. Be3 c6 15. Qd2 Qc7 
16. g3 Re8 17. Nd3 Ng6 18. Re1 Qc8 19. Bb3 h5 20. f3 h4 
21. Bf2 Rd8 22. c4 Bh3 23. Qe3 Qc7 24. f4 Qd7 25. Bd1 Bf5 
26. Bf3 Bc7 27. Nc5 Qc8 28. b4 Bd6 29. a3 a5 30. Ne4 Bf8 
31. gxh4 Bxe4 32. Qxe4 f5 33. Qe3 Bd6 34. Bg3 Qb8 35. bxa5 Nxf4 
36. c5 Bc7 37. a6 Ne6 38. Be5 Bxe5 39. dxe5 bxa6 40. Bxc6 Qb2 
41. Bf3 f4 42. Qf2 Rd2 43. Re2 Rxe2 44. Qxe2 Qxa3 45. Qe4 Qxc5+ 
46. Kg2 a5 47. Bg4 Qd4 48. Qa8+ Qd8 49. Qe4 Qd2+ 50. Kf1 Qxh2 
51. Qa8+ Kh7 52. Bf5+ g6 53. Bxe6 fxe6 54. Qxa5 Qxh4 55. Qc7+ Kh6 
56. Qb8 Qh3+ 57. Kf2 Kh5 58. Qh8+ Kg4 59. Qf6 Qe3+ 60. Kf1 Kf3 
0-1

[Event "Nordsjaellands Weekend EMT 2024"]
[Site "Allerod"]
[Date "2024.01.06"]
[Round "2"]
[White "Hoi, Carsten"]
[Black "Hoiberg, Nina"]
[Result "1-0"]
[WhiteElo "2395"]
[BlackElo "2140"]
[PlyCount "43"]
[EventDate "2024.01.05"]
[EventType "swiss"]
[EventRounds "5"]
[EventCountry "DEN"]
[SourceTitle "Live v. Allerod Skakklub"]

1. d4 d5 2. c4 e6 3. Nc3 c5 4. e3 Nf6 5. Nf3 cxd4 
6. exd4 Nc6 7. a3 Ne4 8. Qc2 Nxc3 9. bxc3 dxc4 10. Bxc4 Be7 
11. Bd3 h6 12. O-O O-O 13. Re1 Bf6 14. Qe2 Re8 15. Qe4 Ne7 
16. Qh7+ Kf8 17. a4 Ng8 18. Ne5 Qa5 19. Ba3+ Be7 20. Bg6 Bxa3 
21. Bxf7 Rd8 22. Qxg8+ 1-0

[Event "Nordsjaellands Weekend EMT 2024"]
[Site "Allerod"]
[Date "2024.01.06"]
[Round "2"]
[White "Gregor, Bjarke"]
[Black "Brondt, Nicolai Kvist"]
[Result "1/2-1/2"]
[WhiteElo "2159"]
[BlackElo "2236"]
[PlyCount "81"]
[EventDate "2024.01.05"]
[EventType "swiss"]
[EventRounds "5"]
[EventCountry "DEN"]
[SourceTitle "Live v. Allerod Skakklub"]

1. e4 c5 2. Nf3 e6 3. d4 cxd4 4. Nxd4 Nc6 5. Nc3 Qc7 
6. Be3 a6 7. Qf3 Nf6 8. O-O-O Ne5 9. Qg3 b5 10. f4 Neg4 
11. Bg1 h5 12. e5 b4 13. Na4 Nd5 14. h3 Nh6 15. f5 Bb7 
16. Bd3 Be7 17. Kb1 O-O 18. Bh2 exf5 19. Bxf5 Bc6 20. Be4 Bxa4 
21. Bxd5 Nf5 22. Qf2 Nxd4 23. Rxd4 Bc5 24. Rc4 Bxf2 25. Rxc7 Rac8 
26. Rxc8 Rxc8 27. b3 Bb5 28. Rd1 Kf8 29. Bf4 Ke8 30. Bb7 Rc7 
31. Bf3 g6 32. e6 Rc8 33. Rd2 Bb6 34. exf7+ Kxf7 35. Bd5+ Kg7 
36. Bb7 Re8 37. Rd6 Re1+ 38. Kb2 Bc7 39. Rd4 Bxf4 40. Rxf4 a5 
41. Bf3 1/2-1/2

[Event "Nordsjaellands Weekend EMT 2024"]
[Site "Allerod"]
[Date "2024.01.06"]
[Round "2"]
[White "Skonnord, Uno"]
[Black "Lauritsen, Martin Lee"]
[Result "1/2-1/2"]
[WhiteElo "2153"]
[BlackElo "2127"]
[PlyCount "107"]
[EventDate "2024.01.05"]
[EventType "swiss"]
[EventRounds "5"]
[EventCountry "DEN"]
[SourceTitle "Live v. Allerod Skakklub"]

1. e4 c5 2. Nc3 Nc6 3. Bb5 g6 4. Bxc6 bxc6 5. d3 Bg7 
6. f4 d6 7. Nf3 Nf6 8. e5 Nd5 9. Ne4 O-O 10. c4 Nc7 
11. Be3 Bg4 12. O-O dxe5 13. fxe5 Bxe5 14. Qd2 Bxf3 15. Rxf3 Rb8 
16. Rb1 Ne6 17. Nxc5 Nxc5 18. Bxc5 Bd4+ 19. Bxd4 Qxd4+ 20. Qe3 Rfd8 
21. b3 Rb7 22. Re1 a5 23. Qxd4 Rxd4 24. Re5 a4 25. b4 f6 
26. Re1 Rbd7 27. Re6 Rxd3 28. Rxd3 Rxd3 29. Rxe7 Rc3 30. b5 Rc1+ 
31. Kf2 cxb5 32. cxb5 Rb1 33. Ra7 Rxb5 34. Rxa4 Kg7 35. Re4 Rb2+ 
36. Re2 Rb1 37. Ke3 f5 38. Kd3 g5 39. Kc3 f4 40. a4 Ra1 
41. Kb4 Kf6 42. a5 g4 43. Kb5 Kf5 44. a6 f3 45. gxf3 gxf3 
46. Re8 Kf4 47. Kb6 f2 48. a7 Kf3 49. Rf8+ Kg2 50. Rg8+ Kxh2 
51. Rf8 Kg2 52. Rg8+ Kh2 53. Rf8 Kg2 54. Kc5 1/2-1/2

[Event "Nordsjaellands Weekend EMT 2024"]
[Site "Allerod"]
[Date "2024.01.06"]
[Round "2"]
[White "Petersen, Peter Birk"]
[Black "Thorsbro, Peter"]
[Result "0-1"]
[WhiteElo "2152"]
[BlackElo "2177"]
[PlyCount "64"]
[EventDate "2024.01.05"]
[EventType "swiss"]
[EventRounds "5"]
[EventCountry "DEN"]
[SourceTitle "Live v. Allerod Skakklub"]

1. e4 c6 2. Nf3 d5 3. Nc3 Bg4 4. h3 Bh5 5. exd5 cxd5 
6. g4 Bg6 7. Bb5+ Nc6 8. Ne5 Qd6 9. d4 h5 10. Nxg6 Qxg6 
11. g5 e5 12. dxe5 O-O-O 13. Qd3 Nxe5 14. Qxg6 fxg6 15. Bf4 Nf3+ 
16. Ke2 Nd4+ 17. Kd3 Ne6 18. Ne2 Ne7 19. Kd2 Nf5 20. Bd3 Nh4 
21. c3 Bc5 22. Bg3 Nf3+ 23. Kc2 h4 24. Bf4 Rhf8 25. Be3 Bxe3 
26. fxe3 Ne5 27. Raf1 Nxg5 28. Nf4 Rd6 29. Rhg1 Ngf3 30. Nxg6 Nxg6 
31. Bxg6 Rdf6 32. Rg4 Ne5 0-1

[Event "Nordsjaellands Weekend EMT 2024"]
[Site "Allerod"]
[Date "2024.01.06"]
[Round "3"]
[White "Vinter Schou, Uffe"]
[Black "Hector, Jonny"]
[Result "1/2-1/2"]
[WhiteElo "2348"]
[BlackElo "2446"]
[PlyCount "103"]
[EventDate "2024.01.05"]
[EventType "swiss"]
[EventRounds "5"]
[EventCountry "DEN"]
[SourceTitle "Live v. Allerod Skakklub"]

1. Nf3 d5 2. c4 d4 3. g3 Nc6 4. Bg2 e5 5. d3 Bc5 
6. O-O Nge7 7. Na3 O-O 8. Nc2 a5 9. b3 h6 10. a3 Bf5 
11. Rb1 e4 12. Nh4 exd3 13. exd3 Bh7 14. f4 Qd6 15. f5 Qf6 
16. b4 axb4 17. axb4 Bd6 18. Be4 Ra2 19. c5 Be5 20. Bd2 b5 
21. Ne1 Rd8 22. Nef3 Kh8 23. Rf2 Ra6 24. g4 Nd5 25. g5 Qe7 
26. Rg2 Ne3 27. Bxe3 dxe3 28. f6 Bxf6 29. gxf6 Qxf6 30. Qe2 Ra1 
31. Rxa1 Qxa1+ 32. Qe1 Qxe1+ 33. Nxe1 Nxb4 34. Bxh7 Kxh7 35. Nf5 Nxd3 
36. Rxg7+ Kh8 37. Nxd3 Rxd3 38. Kf1 Rd5 39. Rxf7 Rxc5 40. Nxe3 b4 
41. Ke2 Kg8 42. Rf4 Rb5 43. Nc4 Kg7 44. Kd3 Rd5+ 45. Kc2 c5 
46. Ne3 Re5 47. Kd3 Kg6 48. Rf2 Kg5 49. Rf3 h5 50. Kc4 h4 
51. Nd5 Re2 52. Kxc5 1/2-1/2

[Event "Nordsjaellands Weekend EMT 2024"]
[Site "Allerod"]
[Date "2024.01.06"]
[Round "3"]
[White "Hansen, Sune Berg"]
[Black "Kristensen, Kaare Hove"]
[Result "1-0"]
[WhiteElo "2511"]
[BlackElo "2303"]
[PlyCount "75"]
[EventDate "2024.01.05"]
[EventType "swiss"]
[EventRounds "5"]
[EventCountry "DEN"]
[SourceTitle "Live v. Allerod Skakklub"]

1. c4 Nf6 2. Nf3 b6 3. g3 Bb7 4. Bg2 g6 5. b3 Bg7 
6. Bb2 O-O 7. O-O c5 8. Na3 d5 9. e3 Nc6 10. d4 cxd4 
11. Nxd4 Rc8 12. Rc1 Nxd4 13. Qxd4 Ba6 14. Rfd1 dxc4 15. Qh4 Qc7 
16. Nxc4 Rfd8 17. Re1 Bxc4 18. Rxc4 Qb8 19. Rec1 Rxc4 20. Qxc4 e6 
21. Qh4 Ne8 22. Ba3 Bf6 23. Qb4 Nc7 24. Qf4 Nd5 25. Qxb8 Rxb8 
26. Bxd5 exd5 27. Rc7 a5 28. Kf1 b5 29. Bd6 Rd8 30. Rc6 Bb2 
31. Ke2 d4 32. e4 d3+ 33. Kd2 b4 34. f4 Bc3+ 35. Kxd3 Ra8 
36. a4 f6 37. Kc4 Kf7 38. Kd5 1-0

[Event "Nordsjaellands Weekend EMT 2024"]
[Site "Allerod"]
[Date "2024.01.06"]
[Round "3"]
[White "Haubro, Martin"]
[Black "Hoi, Carsten"]
[Result "1/2-1/2"]
[WhiteElo "2418"]
[BlackElo "2395"]
[PlyCount "60"]
[EventDate "2024.01.05"]
[EventType "swiss"]
[EventRounds "5"]
[EventCountry "DEN"]
[SourceTitle "Live v. Allerod Skakklub"]

1. e4 e6 2. d4 d5 3. Nc3 Nf6 4. e5 Nfd7 5. f4 c5 
6. Nf3 Nc6 7. Be3 a6 8. Ne2 b5 9. c3 b4 10. h4 Rb8 
11. Kf2 Qa5 12. Qc2 Nb6 13. b3 c4 14. Rb1 Bd7 15. Ng3 bxc3 
16. Kg1 Be7 17. Be2 h6 18. Kh2 O-O 19. Rhe1 Rfc8 20. bxc4 dxc4 
21. f5 Nd5 22. Rxb8 Nxb8 23. Bc1 Nb4 24. Qe4 Nd3 25. Bxd3 cxd3 
26. Qxd3 Qb5 27. Qe4 exf5 28. Nxf5 Bf8 29. d5 Rc4 30. N5d4 Qb7 
1/2-1/2

[Event "Nordsjaellands Weekend EMT 2024"]
[Site "Allerod"]
[Date "2024.01.06"]
[Round "3"]
[White "Borge, Nikolaj"]
[Black "Ramsdal, Jens Albert"]
[Result "1-0"]
[WhiteElo "2388"]
[BlackElo "2416"]
[PlyCount "87"]
[EventDate "2024.01.05"]
[EventType "swiss"]
[EventRounds "5"]
[EventCountry "DEN"]
[SourceTitle "Live v. Allerod Skakklub"]

1. e4 e6 2. d4 d5 3. e5 c5 4. c3 Nc6 5. Nf3 Qb6 
6. Bd3 cxd4 7. O-O Bd7 8. Re1 Nge7 9. h4 Rc8 10. Ng5 h6 
11. Nh7 Ng6 12. Qh5 Kd8 13. Nxf8 Rxf8 14. Na3 dxc3 15. bxc3 Qc5 
16. Nb5 Ncxe5 17. Be3 Nxd3 18. Bxc5 Rxc5 19. Nd6 Kc7 20. Qf3 Nxe1 
21. Qg3 Nd3 22. Ne4+ e5 23. Nxc5 Nxc5 24. h5 Ne4 25. Qe3 Ne7 
26. f3 Nd6 27. Qxe5 Re8 28. Rd1 Bc6 29. c4 Nec8 30. Qxg7 Nxc4 
31. Qxf7+ Kb6 32. Qg6 Re2 33. Kf1 Re5 34. Rb1+ Ka6 35. Qxh6 N8d6 
36. Re1 Nf5 37. Qf4 Nfe3+ 38. Kf2 Rf5 39. Qh4 d4 40. Qxd4 Rd5 
41. Qc3 Rd2+ 42. Qxd2 Ng4+ 43. Kg3 Nxd2 44. Kxg4 1-0